Estadísticas para Equipos Primera Division Argentina

Haz click aquí para intentar la prueba.

Estadísticas generales

  • Esta prueba ha sido intentada 152 veces
  • La puntuación promedio es 58 de 111

Estadísticas de respuestas

Respuesta% Correcto
River Plate
100%
Boca Juniors
99%
Independiente
98%
Independiente de Trelew
98%
Racing Club
95%
Racing de Córdoba
95%
Estudiantes
93%
Estudiantes de La Plata
93%
Estudiantes de Rio IV
93%
Estudiantes de Santiago del Estero
93%
Rosario Central
93%
San Lorenzo
93%
San Lorenzo de Mar del Plata
93%
Unión Talleres-Lanus
92%
Lanús
88%
Gimnasia y Esgrima de Concepción del Uruguay
86%
Gimnasia y Esgrima de Jujuy
86%
Gimnasia y Esgrima de Mendoza
86%
Gimnasia y Esgrima La Plata
86%
Velez Sarsfield
85%
Talleres de Córdoba
83%
Talleres de Remedios de Escalada
83%
Unión Atlanta-Argentinos
83%
Colón de Santa Fé
82%
Belgrano de Córdoba
81%
Aldosivi
79%
Banfield
79%
Huracán
79%
Huracán de Comodoro Rivadavia
79%
Huracán de Corrientes
79%
Huracán de Ingeniero White
79%
Huracán de San Rafael
79%
Huracán de Tres Arroyos
79%
Huracan Las Heras de Mendoza
79%
Argentinos Juniors
78%
Newell's Old Boys
78%
Unión de General Pinedo
78%
Unión de Santa Fé
78%
Defensa y Justicia
75%
Arsenal
74%
Atlético Tucumán
72%
Godoy Cruz de Mendoza
72%
Platense
72%
Ferro Carril Oeste
71%
Ferro Carril Oeste de General Pico
71%
Patronato de Paraná
71%
Chacarita Juniors
70%
Sarmiento de Junín
69%
Sarmiento de Resistencia
69%
San Martín de Mendoza
68%
San Martín de San Juan
68%
San Martín de Tucumán
68%
Quilmes
65%
Instituto de Córdoba
64%
Tigre
60%
Atlanta
58%
Nueva Chicago
58%
Central Córdoba de Rosario
57%
Central Córdoba de Santiago del Estero
57%
All Boys
55%
Almirante Brown
54%
Atlético Rafaela
53%
Olimpo
50%
Temperley
49%
Crucero del Norte
44%
Alvarado de Mar del Plata
42%
Chaco For Ever
42%
Almagro
40%
Deportivo Español
40%
Bartolomé Mitre de Misiones
36%
Defensores de Belgrano
31%
Deportivo Morón
31%
Tiro Federal de Rosario
31%
Los Andes
30%
San Telmo
30%
Sportivo Italiano
26%
Deportivo Mandiyú
25%
Santamarina de Tandil
25%
Deportivo Armenio
24%
Güemes de Santiago del Estero
23%
Central Norte de Salta
22%
Cipolletti
21%
Argentino de Quilmes
20%
Altos Hornos Zapla de Jujuy
18%
Guaraní Antonio Franco
18%
Independiente Rivadavia
18%
Desamparados de San Juan
17%
Gimnasia y Tiro de Salta
17%
Juventud Antoniana de Salta
17%
Loma Negra
17%
Juventud Unida Universitaria de San Luis
16%
Kimberley de Mar del Plata
16%
Alianza de Cutral-Có
10%
Deportivo Roca
10%
Jorge Newbery de Junín
8%
Andino de La Rioja
7%
Atlético Concepción de Tucumán
7%
Don Orione de Chaco
7%
Puerto Comercial de Bahia Blanca
7%
Atlético Ledesma de Jujuy
6%
Atlético Santa Rosa
6%
Mariano Moreno de Junín
6%
Renato Cesarini
6%
Unión San Vicente de Córdoba
6%
Argentino de Firmat
5%
Atlético Regina de Rio Negro
5%
Círculo Deportivo Otamendi
5%
Sportivo Guzmán de Tucumán
5%
Sportivo Patria
5%
Atlético Uruguay
4%
Juventud Alianza de San Juan
3%

Distribución de puntuación

Porcentaje por número respondido

Porcentaje de gente con cada puntuación

Historial de tus puntuaciones

No has intentado esta prueba.